00318nam a2200133Ia 4500008004100000020001500041041001200056082001100068100001300079245004600092260003100138300000800169650000700177221030s9999 xx 000 0 und d a8125905375 aEnglish a105.23 aM. Kumar 0aBusiness Information Systemscby M. Kumar bVikas PubaNew Delhic2010 a384 aIT